APPLICATION OF MAGNETIC ANISOTROPY FOR INVESTIGATION OF SURFACE INTEGRITY AFTER HARD TURNING

Bibliographic Details
Main Authors: Neslušan, Miroslav (Author), Rosipal, Martin (Author), Dubec, Jaroslav (Author), Ochodek, Vladislav (Author)
Format: Article
Language:English

MARC

LEADER 00000nab a2200000 a 4500
001 vtls011101282
003 SK-MaSNL
005 20260303150017.0
008 230222|2012 xo |||||||||||||||||eng|
015 |a SNBRB 
035 |a (uuid)2fda5678-2835-49a7-9465-88d26504f250 
035 |a (urnnbn)urn:nbn:sk:snk:ar-0074bd 
035 |a urn:nbn:sk:snk-ab9760 
040 |a SNKBUCL  |b slo  |c SNKBUCL  |e AACR2 
041 0 |a eng 
044 |a xo  |c SK 
100 1 |a Neslušan, Miroslav  |4 aut  |9 26651 
245 1 0 |a APPLICATION OF MAGNETIC ANISOTROPY FOR INVESTIGATION OF SURFACE INTEGRITY AFTER HARD TURNING  |c Miroslav Neslušan, Martin Rosipal, Jaroslav Dubec, Vladislav Ochodek 
700 1 |a Rosipal, Martin  |4 aut  |9 1167912 
700 1 |a Dubec, Jaroslav  |4 aut  |9 781985 
700 1 |a Ochodek, Vladislav  |4 aut  |9 773039 
773 0 |t Technologické inžinierstvo  |g Roč. 9, č. 1 (2012), s. 45-49 
958 |a OND 
958 |a EUIPO 
958 |a article13 
999 |c 2006821  |d 2008751